| 000 | 00877nam a2200253 a 4500 | ||
|---|---|---|---|
| 001 | 15790 | ||
| 003 | BD-RjUL | ||
| 005 | 20211208235904.0 | ||
| 008 | 160723r19621961enk 000 0 eng | ||
| 035 | _a(BD-RjUL)15845 | ||
| 040 |
_aCRU _cCRU _dm.c _dOCL _dBD-RjUL _beng |
||
| 041 | _aeng | ||
| 082 | 0 | 4 |
_a192 _bRUB 1962-67 _223 |
| 100 | 1 |
_aRussell, Bertrand, _d1872-1970. _948973 |
|
| 245 | 1 | 4 |
_aThe basic writings of Bertrand Russell, 1903-1959 / _c Bertrand Russel, Edited by Robert E. Egner and Lester E. Denonn |
| 260 |
_aLondon : _bAllen & Unwin, _cc1961 [imp.1962-67] |
||
| 300 |
_a736 p. ; _c25 cm. |
||
| 600 | 1 | 0 |
_aRussell, Bertrand, _d1872-1970. _9116964 |
| 650 | 1 |
_aRussell, Bertrand, -- 1872-1970. _948975 |
|
| 700 | 1 |
_aDenonn, Lester E. _q(Lester Eugene), _d1901- _948976 |
|
| 700 | 1 |
_aEgner, Robert Edward, _d1924- _948977 |
|
| 942 |
_2ddc _cBK |
||
| 999 |
_c15790 _d15790 |
||